[Event "Europa ch Femenino 2013"]
[Site "Belgrado SER"]
[Date "2013.07.25"]
[Round "3.70"]
[White "Vrabic, Anita"]
[Black "Sarjanovic, Andjela"]
[Result "1/2-1/2"]
[WhiteElo "2112"]
[BlackElo "1655"]
[PlyCount "127"]
[EventDate "2013.07.23"]
[EventType "swiss"]
[EventRounds "11"]
[EventCountry "SER"]
[Source "lmi"]
[SourceDate "2013.07.22"]

1. e4 d5 2. exd5 Qxd5 3. Nc3 Qa5 4. d4 Nf6 5. Nf3 Bg4 6. Be2 c6 7. O-O e6 8. h3
Bh5 9. g4 Bg6 10. Ne5 Nbd7 11. Nc4 Qc7 12. f4 h5 13. Kg2 h4 14. Bd3 Bxd3 15.
Qxd3 O-O-O 16. Qf3 Nb6 17. Nxb6+ Qxb6 18. Ne2 Be7 19. c4 c5 20. g5 Ne8 21. dxc5
Bxc5 22. a3 Qc6 23. Qxc6+ bxc6 24. b4 Be7 25. Be3 Kb7 26. c5 Nc7 27. Rfd1 Nd5
28. Bd4 f6 29. gxf6 Bxf6 30. Kf3 Rhf8 31. Kg4 Bxd4 32. Rxd4 Ne3+ 33. Kf3 Nd5
34. Kg4 Ne3+ 35. Kf3 Nd5 36. Kg4 Ne3+ 37. Kf3 Nd5 38. Rg1 Rf7 39. Re4 Re8 40.
Rg5 Ref8 41. Rg6 e5 42. Rxe5 Nxf4 43. Nxf4 Rxf4+ 44. Ke2 Rf2+ 45. Kd3 R8f7 46.
Re4 R2f3+ 47. Re3 R3f4 48. Kc3 Rf3 49. Kd4 R3f4+ 50. Ke5 R4f5+ 51. Kd6 Rd5+ 52.
Ke6 Rdd7 53. Ke5 Rde7+ 54. Kd4 Rf4+ 55. Kd3 Rd7+ 56. Kc3 Rdf7 57. a4 a6 58. Rd3
Rf3 59. Rgd6 Rxd3+ 60. Rxd3 Kc7 61. Re3 g5 62. Kd4 Rf4+ 63. Re4 Rf3 64. Re3
1/2-1/2

[Event "Europa ch Femenino 2013"]
[Site "Belgrado SER"]
[Date "2013.07.25"]
[Round "3.71"]
[White "Gurcan, Aytolun"]
[Black "Bokuchava, Madona"]
[Result "0-1"]
[WhiteElo "1705"]
[BlackElo "2109"]
[PlyCount "86"]
[EventDate "2013.07.23"]
[EventType "swiss"]
[EventRounds "11"]
[EventCountry "SER"]
[Source "lmi"]
[SourceDate "2013.07.22"]

1. e4 c5 2. Nf3 Nc6 3. d4 cxd4 4. Nxd4 g6 5. Nc3 Bg7 6. Be3 Nf6 7. Bc4 Qa5 8.
O-O O-O 9. Bb3 d6 10. h3 Bd7 11. Nd5 Qd8 12. f3 Nxd5 13. exd5 Na5 14. Re1 Rc8
15. Qd3 a6 16. c3 b5 17. Bg5 Re8 18. Re4 Nc4 19. Bxc4 Rxc4 20. Rae1 Qa8 21.
Rxe7 Rxe7 22. Rxe7 Qxd5 23. Qe3 Rxd4 24. Re8+ Bxe8 25. Qxe8+ Bf8 26. Bh6 Rd1+
27. Kf2 Qc5+ 28. Ke2 Qe5+ 29. Qxe5 dxe5 30. Bxf8 Rg1 31. Kf2 Ra1 32. Ba3 Rxa2
33. Ke3 f5 34. g3 Kf7 35. g4 Ke6 36. Kd3 Kd5 37. Ke3 a5 38. Kd3 e4+ 39. fxe4+
fxe4+ 40. Ke3 a4 41. Kf4 g5+ 42. Ke3 Ke5 43. Kf2 Rxa3 0-1

[Event "Europa ch Femenino 2013"]
[Site "Belgrado SER"]
[Date "2013.07.25"]
[Round "3.72"]
[White "Nikolovska, Dragana"]
[Black "Balaian, Alina"]
[Result "0-1"]
[WhiteElo "1848"]
[BlackElo "2237"]
[PlyCount "98"]
[EventDate "2013.07.23"]
[EventType "swiss"]
[EventRounds "11"]
[EventCountry "SER"]
[Source "lmi"]
[SourceDate "2013.07.22"]

1. e4 e6 2. d4 d5 3. e5 c5 4. c3 Qb6 5. Nf3 Nc6 6. Bd3 cxd4 7. cxd4 Bd7 8. O-O
Nxd4 9. Nbd2 Ne7 10. Nxd4 Qxd4 11. Nf3 Qb6 12. Be3 Qc7 13. Rc1 Nc6 14. a3 a6
15. Re1 Be7 16. h4 Rc8 17. h5 h6 18. b4 Qb8 19. Bf4 b5 20. Nd2 a5 21. Qg4 Bf8
22. bxa5 Nxa5 23. Bg3 Nc4 24. Nxc4 bxc4 25. Bc2 Qb2 26. f4 Qxa3 27. f5 Qa6 28.
Ra1 exf5 29. Bxf5 Bxf5 30. Qxf5 Qe6 31. Qf4 Bc5+ 32. Kh1 O-O 33. Rf1 Rc7 34.
Bh4 Kh7 35. Rf3 Be7 36. Bf2 Bg5 37. Qg3 Rb7 38. Bd4 Rfb8 39. Kh2 Rb3 40. Bc3
R8b7 41. Raf1 Kg8 42. Ra1 Rb1 43. Rxb1 Rxb1 44. Bd4 Rd1 45. Be3 Bxe3 46. Rxe3
Qf5 47. Qh4 Qg5 48. Qh3 Qf4+ 49. Rg3 Rd3 0-1

[Event "Europa ch Femenino 2013"]
[Site "Belgrado SER"]
[Date "2013.07.25"]
[Round "3.73"]
[White "Benderac, Ana"]
[Black "Khropova, Larisa"]
[Result "1-0"]
[WhiteElo "2225"]
[BlackElo "1987"]
[PlyCount "57"]
[EventDate "2013.07.23"]
[EventType "swiss"]
[EventRounds "11"]
[EventCountry "SER"]
[Source "lmi"]
[SourceDate "2013.07.22"]

1. d4 d5 2. Nf3 Nf6 3. Bf4 Bf5 4. e3 e6 5. Be2 Bd6 6. Bg3 h6 7. Nbd2 O-O 8. c3
Bxg3 9. hxg3 Nbd7 10. Ne5 Nxe5 11. dxe5 Nd7 12. g4 Bg6 13. f4 f6 14. exf6 Qxf6
15. Nf3 Be4 16. g5 Qf7 17. gxh6 Bxf3 18. Bxf3 g6 19. Qc2 Qf5 20. Qd2 c5 21.
O-O-O Nb6 22. g4 Qf7 23. Be2 Kh7 24. Bd3 c4 25. Bc2 a5 26. Rdg1 Rg8 27. f5 gxf5
28. gxf5 e5 29. f6+ 1-0

[Event "Europa ch Femenino 2013"]
[Site "Belgrado SER"]
[Date "2013.07.25"]
[Round "3.74"]
[White "Panic, Anastasija"]
[Black "Petrukhina, Irina"]
[Result "0-1"]
[WhiteElo "1948"]
[BlackElo "2190"]
[PlyCount "106"]
[EventDate "2013.07.23"]
[EventType "swiss"]
[EventRounds "11"]
[EventCountry "SER"]
[Source "lmi"]
[SourceDate "2013.07.22"]

1. d4 Nf6 2. c4 g6 3. Nc3 d5 4. cxd5 Nxd5 5. e4 Nxc3 6. bxc3 Bg7 7. Bc4 c5 8.
Ne2 Nc6 9. Be3 O-O 10. O-O Qc7 11. Rc1 b6 12. Qd2 Bb7 13. Bh6 Rad8 14. Rfd1 e5
15. d5 Na5 16. Bd3 c4 17. Bc2 Bc8 18. Ng3 f6 19. h4 Nb7 20. Bxg7 Kxg7 21. h5
Qc5 22. Kh2 Nd6 23. Rh1 Bd7 24. Kg1 Rh8 25. Kf1 b5 26. Ke2 Nf7 27. h6+ Kf8 28.
a4 Ke7 29. axb5 Rb8 30. Ra1 Nd6 31. Ra2 Nxb5 32. Rha1 Rb7 33. f3 Rhb8 34. Ra5
Qc7 35. Nf1 Nd6 36. Ne3 Bb5 37. Bd1 Qb6 38. Kf1 a6 39. Nc2 Rc7 40. Nb4 Ra8 41.
Bc2 Kf7 42. f4 Re7 43. f5 gxf5 44. exf5 e4 45. Qe2 Re5 46. Qh5+ Kf8 47. g4 Qe3
48. Qh4 Qf4+ 49. Kg1 Rxf5 50. Qh3 Qf2+ 51. Kh1 Rf3 52. Qh5 Rxc3 53. Qh2 Qf3+
0-1

[Event "Europa ch Femenino 2013"]
[Site "Belgrado SER"]
[Date "2013.07.25"]
[Round "3.75"]
[White "Baraeva, Marina"]
[Black "Paramentic, Mila"]
[Result "1/2-1/2"]
[WhiteElo "2185"]
[BlackElo "1936"]
[PlyCount "197"]
[EventDate "2013.07.23"]
[EventType "swiss"]
[EventRounds "11"]
[EventCountry "SER"]
[Source "lmi"]
[SourceDate "2013.07.22"]

1. d4 d5 2. Nf3 Nf6 3. c4 e6 4. Nc3 Be7 5. Bg5 h6 6. Bh4 O-O 7. e3 b6 8. Rc1
Bb7 9. Bd3 Nbd7 10. O-O c5 11. cxd5 Nxd5 12. Bg3 cxd4 13. exd4 Nxc3 14. bxc3
Nf6 15. h3 Qd7 16. Qe2 Rfd8 17. Ne5 Qd5 18. f3 Qa5 19. Rfe1 Rf8 20. Bb1 Qa4 21.
Qd3 Ba6 22. c4 Rac8 23. Bc2 Qa3 24. Bb3 Bb4 25. Red1 Rfd8 26. Qe3 Bd6 27. Bh4
Be7 28. Kh1 Nh7 29. Bf2 Nf6 30. Rc3 Qa5 31. Rcd3 Rc7 32. Be1 Bb4 33. Bh4 Be7
34. Bf2 Rdc8 35. f4 Bd6 36. Be1 Bb4 37. Bxb4 Qxb4 38. R3d2 Nd7 39. Nd3 Qf8 40.
Nb2 Re8 41. Re1 Nf6 42. Qf3 Qb4 43. Rdd1 Qa5 44. Re5 Qb4 45. f5 exf5 46. Rxe8+
Nxe8 47. Qxf5 Re7 48. Nd3 Qc3 49. Ne5 Nd6 50. Qf4 Bb7 51. Rc1 Qxh3+ 52. Qh2 Qe3
53. Rd1 Ne4 54. Qh4 Nf2+ 55. Kh2 Rxe5 56. dxe5 Qxe5+ 57. Kg1 Nxd1 58. Qd8+ Kh7
59. Qxd1 Qe3+ 60. Kh2 Qf4+ 61. Kg1 Qe3+ 62. Kh2 Be4 63. Qg4 f5 64. Qh5 Qf2 65.
Qh3 Qf4+ 66. Kg1 Qc1+ 67. Kh2 Qf4+ 68. Kg1 Qc1+ 69. Kh2 Qf1 70. Qg3 f4 71. Qg4
Bd3 72. c5 bxc5 73. Be6 c4 74. Bf5+ Bxf5 75. Qxf5+ Kg8 76. Qe6+ Kf8 77. Qf5+
Kg8 78. Qe6+ Kf8 79. Qf5+ Ke7 80. Qe5+ Kd8 81. Qd5+ Kc7 82. Qc5+ Kb7 83. Qb5+
Kc7 84. Qa5+ Kd7 85. Qd5+ Ke7 86. Qe5+ Kf7 87. Qf5+ Kg8 88. Qe6+ Kh8 89. Qc8+
Kh7 90. Qf5+ Kg8 91. Qe6+ Kf8 92. Qf5+ Ke7 93. Qe5+ Kd7 94. Qd5+ Kc7 95. Qc5+
Kb7 96. Qb5+ Kc7 97. Qc5+ Kb8 98. Qb5+ Kc7 99. Qc5+ 1/2-1/2

[Event "Europa ch Femenino 2013"]
[Site "Belgrado SER"]
[Date "2013.07.25"]
[Round "3.76"]
[White "Olea, Liliana"]
[Black "Todorovic, Violeta"]
[Result "1-0"]
[WhiteElo "1905"]
[BlackElo "2117"]
[PlyCount "71"]
[EventDate "2013.07.23"]
[EventType "swiss"]
[EventRounds "11"]
[EventCountry "SER"]
[Source "lmi"]
[SourceDate "2013.07.22"]

1. e4 c5 2. d3 e6 3. f4 g6 4. g3 Bg7 5. Bg2 Ne7 6. Nf3 Nbc6 7. c3 d6 8. Be3 O-O
9. O-O b6 10. Na3 e5 11. f5 gxf5 12. Nh4 f4 13. gxf4 exf4 14. Bxf4 Ng6 15. Nf5
Nxf4 16. Rxf4 Bxf5 17. exf5 Ne5 18. f6 Bxf6 19. Bxa8 Bg5 20. Rg4 Nxg4 21. Qxg4
Kh8 22. Bg2 Be3+ 23. Kh1 Rg8 24. Qf3 Qg5 25. Rf1 Bf4 26. Rf2 Be3 27. Re2 Bf4
28. Nc4 d5 29. Ne3 Qh4 30. Qh3 Qe7 31. Bxd5 Qg5 32. Rg2 Qe5 33. Be4 h6 34. Qf5
Qxf5 35. Rxg8+ Kxg8 36. Nxf5 1-0

[Event "Europa ch Femenino 2013"]
[Site "Belgrado SER"]
[Date "2013.07.25"]
[Round "3.77"]
[White "Korbovljanovic, Natasa"]
[Black "Imeeva, Aisa"]
[Result "0-1"]
[WhiteElo "1877"]
[BlackElo "2079"]
[PlyCount "100"]
[EventDate "2013.07.23"]
[EventType "swiss"]
[EventRounds "11"]
[EventCountry "SER"]
[Source "lmi"]
[SourceDate "2013.07.22"]

1. e4 e5 2. Nf3 Nc6 3. Bb5 a6 4. Bxc6 dxc6 5. O-O Qf6 6. d4 exd4 7. Bg5 Qg6 8.
Qxd4 Be6 9. Rd1 Be7 10. Bxe7 Nxe7 11. Ne5 Qf6 12. Nc3 O-O 13. Ne2 b6 14. f4 c5
15. Qc3 Ng6 16. Nxg6 hxg6 17. Qxf6 gxf6 18. Nc3 Rfe8 19. Kf2 b5 20. Kf3 c6 21.
Rd6 f5 22. exf5 Bxf5 23. g4 Be6 24. h3 Kg7 25. Kf2 b4 26. Ne4 Bxg4 27. Nf6 Re6
28. Rxe6 Bxe6 29. Ne4 c4 30. h4 Rd8 31. Ke3 Bf5 32. Nc5 a5 33. Rc1 Rd5 34. Na4
Be6 35. Nb6 Rh5 36. Rh1 Kf6 37. Rh2 Ke7 38. Kd4 c5+ 39. Ke4 Kd6 40. Na4 Bd5+
41. Ke3 Kc6 42. Kd2 Kb5 43. b3 c3+ 44. Kd3 Kc6 45. Ke3 f6 46. Kf2 g5 47. fxg5
fxg5 48. Kg3 gxh4+ 49. Kg4 Rh7 50. Kf4 h3 0-1

[Event "Europa ch Femenino 2013"]
[Site "Belgrado SER"]
[Date "2013.07.25"]
[Round "3.78"]
[White "Zarkovic, Mila"]
[Black "Brankov, Kristina"]
[Result "1-0"]
[WhiteElo "2070"]
[BlackElo "1903"]
[PlyCount "51"]
[EventDate "2013.07.23"]
[EventType "swiss"]
[EventRounds "11"]
[EventCountry "SER"]
[Source "lmi"]
[SourceDate "2013.07.22"]

1. e4 c5 2. Nf3 a6 3. Nc3 Nc6 4. d4 cxd4 5. Nxd4 e5 6. Nf3 h6 7. Bc4 Nf6 8. O-O
Bc5 9. h3 O-O 10. Re1 b5 11. Bb3 Bb7 12. Nd5 d6 13. c3 Nxd5 14. Bxd5 Qc7 15.
Be3 Rad8 16. Nh4 Ne7 17. Bxb7 Qxb7 18. Qg4 Kh8 19. Rad1 Qc8 20. Qh5 Qe6 21. Bg5
Rd7 22. Rd3 d5 23. b4 Bb6 24. Rf3 dxe4 25. Rf6 Qxa2 26. Rxh6+ 1-0

[Event "Europa ch Femenino 2013"]
[Site "Belgrado SER"]
[Date "2013.07.25"]
[Round "3.79"]
[White "Korchagina, Viktoria"]
[Black "Pihajlic, Amalija"]
[Result "1-0"]
[WhiteElo "2068"]
[BlackElo "1882"]
[PlyCount "59"]
[EventDate "2013.07.23"]
[EventType "swiss"]
[EventRounds "11"]
[EventCountry "SER"]
[Source "lmi"]
[SourceDate "2013.07.22"]

1. e4 e6 2. d4 d5 3. Nc3 Nf6 4. Bg5 Bb4 5. e5 h6 6. Bd2 Nfd7 7. Qg4 g6 8. Bd3
Bxc3 9. bxc3 Qe7 10. Ne2 c5 11. Nf4 c4 12. Be2 Nc6 13. a4 b6 14. Bc1 h5 15. Qg3
h4 16. Qg4 Ndxe5 17. dxe5 Nxe5 18. Qh3 Qf6 19. O-O g5 20. Nh5 Qg6 21. Qe3 f6
22. f4 gxf4 23. Qxf4 Rxh5 24. Bxh5 Qxh5 25. Qxf6 Kd7 26. Bf4 Nf7 27. Rae1 Kc6
28. Qe7 Bd7 29. Rxe6+ Bxe6 30. Qc7# 1-0

[Event "Europa ch Femenino 2013"]
[Site "Belgrado SER"]
[Date "2013.07.25"]
[Round "3.80"]
[White "Cemhan, Kardelen"]
[Black "Rakic, Teodora"]
[Result "1-0"]
[WhiteElo "2052"]
[BlackElo "1862"]
[PlyCount "69"]
[EventDate "2013.07.23"]
[EventType "swiss"]
[EventRounds "11"]
[EventCountry "SER"]
[Source "lmi"]
[SourceDate "2013.07.22"]

1. e4 e6 2. d4 d5 3. Nd2 dxe4 4. Nxe4 Nd7 5. Nf3 Be7 6. Bd3 Ngf6 7. Nxf6+ Nxf6
8. Bg5 O-O 9. O-O c5 10. dxc5 Qa5 11. c6 bxc6 12. Qe2 Bb7 13. Ne5 Qc7 14. Rad1
Rad8 15. Rfe1 Nd5 16. Qe4 f5 17. Qh4 Bxg5 18. Qxg5 c5 19. c3 Nf6 20. f3 Rd5 21.
Qe3 Rfd8 22. Qe2 Bc8 23. g4 g6 24. gxf5 gxf5 25. Kh1 Kh8 26. Qe3 Ne8 27. c4 Rd4
28. Qh6 Qg7 29. Qxg7+ Kxg7 30. Nc6 Rxd3 31. Nxd8 Rxf3 32. Nxe6+ Kf6 33. Nxc5
Ng7 34. Rd6+ Kf7 35. Rc6 1-0

[Event "Europa ch Femenino 2013"]
[Site "Belgrado SER"]
[Date "2013.07.25"]
[Round "3.81"]
[White "Zivic, Radmila"]
[Black "Sekulovic, Dusica"]
[Result "1-0"]
[WhiteElo "2029"]
[BlackElo "1805"]
[PlyCount "67"]
[EventDate "2013.07.23"]
[EventType "swiss"]
[EventRounds "11"]
[EventCountry "SER"]
[Source "lmi"]
[SourceDate "2013.07.22"]

1. e4 d5 2. exd5 Qxd5 3. Nf3 Nf6 4. d4 c6 5. Nc3 Qd6 6. Bd3 Bg4 7. Be2 e6 8.
O-O h6 9. Re1 Be7 10. h3 Nbd7 11. Be3 Nb6 12. Ne5 Bxe2 13. Qxe2 Nbd5 14. Bd2
Nxc3 15. bxc3 O-O 16. Bf4 Qd8 17. Reb1 Qc8 18. Qf3 Nd5 19. Bg3 Bf6 20. Ng4 Bd8
21. c4 Ne7 22. Bd6 Re8 23. Bxe7 Rxe7 24. c5 Qd7 25. c3 Ba5 26. Re1 Qd5 27. Qg3
Qg5 28. f4 Qg6 29. f5 Qg5 30. h4 Qd2 31. f6 gxf6 32. Nxf6+ Kh8 33. Qe5 Bc7 34.
Qe4 1-0

[Event "Europa ch Femenino 2013"]
[Site "Belgrado SER"]
[Date "2013.07.25"]
[Round "3.82"]
[White "Mahmutbegovic, Nadina"]
[Black "Gueci, Tea"]
[Result "0-1"]
[WhiteElo "1800"]
[BlackElo "2018"]
[PlyCount "88"]
[EventDate "2013.07.23"]
[EventType "swiss"]
[EventRounds "11"]
[EventCountry "SER"]
[Source "lmi"]
[SourceDate "2013.07.22"]

1. e4 g6 2. d4 Bg7 3. Nf3 d6 4. Bd3 Nf6 5. h3 O-O 6. O-O c6 7. Be3 Nbd7 8. Qd2
e5 9. dxe5 dxe5 10. Bh6 Qc7 11. Bxg7 Kxg7 12. Qe3 Rd8 13. Bc4 Nb6 14. Bb3 c5
15. a3 c4 16. Ba2 Na4 17. b3 Nc5 18. Nbd2 cxb3 19. Bxb3 Be6 20. Qc3 Bxb3 21.
Nxb3 Nfxe4 22. Qxe5+ Qxe5 23. Nxe5 Nxb3 24. cxb3 Nd2 25. Rfd1 Nxb3 26. Rxd8
Rxd8 27. Rb1 Nc5 28. Rb5 b6 29. Rb2 Rd1+ 30. Kh2 Nd3 31. Nxd3 Rxd3 32. Ra2 Kf6
33. f3 Ke5 34. Kg3 Kd4 35. a4 Kc4 36. a5 b5 37. Re2 Ra3 38. Re7 Rxa5 39. Kf4 b4
40. Rc7+ Rc5 41. Rxa7 b3 42. Rxf7 Rf5+ 43. Rxf5 gxf5 44. Kxf5 b2 0-1

[Event "Europa ch Femenino 2013"]
[Site "Belgrado SER"]
[Date "2013.07.25"]
[Round "3.83"]
[White "Bejatovic, Bojana"]
[Black "Jankovic, Milanka"]
[Result "1-0"]
[WhiteElo "2002"]
[BlackElo "1619"]
[PlyCount "39"]
[EventDate "2013.07.23"]
[EventType "swiss"]
[EventRounds "11"]
[EventCountry "SER"]
[Source "lmi"]
[SourceDate "2013.07.22"]

1. d4 d5 2. Nf3 Nf6 3. Bg5 e6 4. Nbd2 Be7 5. Bxf6 Bxf6 6. e4 dxe4 7. Nxe4 Nc6
8. c3 O-O 9. Bd3 e5 10. d5 Nb8 11. h4 Bg4 12. Nxf6+ Qxf6 13. Bxh7+ Kxh7 14.
Ng5+ Kg8 15. Qxg4 Qh6 16. Rh3 Na6 17. Re3 f6 18. Qe6+ Rf7 19. Nxf7 Qxh4 20.
Nd8+ 1-0

[Event "Europa ch Femenino 2013"]
[Site "Belgrado SER"]
[Date "2013.07.25"]
[Round "3.84"]
[White "Egorova, Ayyyna"]
[Black "Rudovic, Anja"]
[Result "1-0"]
[WhiteElo "1991"]
[BlackElo "1549"]
[PlyCount "55"]
[EventDate "2013.07.23"]
[EventType "swiss"]
[EventRounds "11"]
[EventCountry "SER"]
[Source "lmi"]
[SourceDate "2013.07.22"]

1. e4 c5 2. Nf3 Nf6 3. d3 Nc6 4. g3 g6 5. Bg2 Bg7 6. O-O O-O 7. Nc3 d6 8. Bf4
Bd7 9. h3 Qc7 10. Qd2 Rfc8 11. Rfe1 e5 12. Bh6 a6 13. Ne2 b5 14. Nh4 Qd8 15.
Bxg7 Kxg7 16. f4 Qb6 17. f5 Rab8 18. g4 h6 19. fxg6 fxg6 20. g5 hxg5 21. Qxg5
Ne7 22. Rf1 Rf8 23. Ng3 d5 24. Qxe5 Qe6 25. Qg5 Nh7 26. Nh5+ Kh8 27. Rxf8+ Rxf8
28. Qxe7 1-0

[Event "Europa ch Femenino 2013"]
[Site "Belgrado SER"]
[Date "2013.07.26"]
[Round "4.1"]
[White "Goryachkina, Aleksandra"]
[Black "Khotenashvili, Bela"]
[Result "1-0"]
[WhiteElo "2401"]
[BlackElo "2512"]
[PlyCount "164"]
[EventDate "2013.07.23"]
[EventType "swiss"]
[EventRounds "11"]
[EventCountry "SER"]
[Source "lmi"]
[SourceDate "2013.07.22"]

1. d4 d5 2. c4 e6 3. Nf3 Nf6 4. Nc3 Bb4 5. Bg5 h6 6. Bxf6 Qxf6 7. Qa4+ Nc6 8.
e3 O-O 9. Be2 a6 10. O-O Rd8 11. Rac1 Bd6 12. Rfd1 dxc4 13. Ne4 Qe7 14. Qxc4
Bd7 15. a3 a5 16. Nxd6 Qxd6 17. Nd2 Qd5 18. Bf3 Qxc4 19. Rxc4 Be8 20. Nb3 Ra6
21. Nc5 Rb6 22. Rb1 Rb8 23. Nd3 Rb3 24. Be2 Rd8 25. Nc5 Rb6 26. Na4 Rb3 27. Nc5
Rb6 28. Na4 Rb3 29. Bd1 Rb5 30. Nc3 Rb6 31. Rc5 Rc8 32. Ba4 Ra6 33. Bb5 Raa8
34. Rc1 Kf8 35. Ne2 Rd8 36. Nf4 Rd6 37. Nd3 f6 38. Nf4 g5 39. Ne2 Ke7 40. h3
Kd8 41. g4 Ke7 42. Ng3 Rdd8 43. Ne4 Rac8 44. f3 Ra8 45. Kf2 Kf7 46. Ke2 Rd5 47.
Kf2 Rdd8 48. Ke1 Ke7 49. Nd2 Bd7 50. Kf2 Rh8 51. Nb3 a4 52. Nd2 h5 53. Kg3 hxg4
54. fxg4 Ra5 55. Bf1 Rxc5 56. Rxc5 Ra8 57. Rc3 Ra7 58. Ne4 b6 59. Rc2 Ra5 60.
Rf2 e5 61. Nxf6 exd4 62. exd4 Nxd4 63. Nxd7 Kxd7 64. h4 gxh4+ 65. Kxh4 Ke7 66.
g5 Rf5 67. Rxf5 Nxf5+ 68. Kh3 Ne3 69. Be2 Kf7 70. Kg3 Kg6 71. Kf4 Nd5+ 72. Ke5
Ne3 73. Ke6 Kxg5 74. Kd7 Kf4 75. Kxc7 Kg3 76. Kxb6 Kf2 77. Bb5 Nd1 78. Bxa4
Nxb2 79. Bb5 Ke3 80. Kc5 Ke4 81. Kb4 Kd4 82. Be2 Kd5 1-0

[Event "Europa ch Femenino 2013"]
[Site "Belgrado SER"]
[Date "2013.07.26"]
[Round "4.2"]
[White "Gaponenko, Inna"]
[Black "Melia, Salome"]
[Result "1/2-1/2"]
[WhiteElo "2393"]
[BlackElo "2428"]
[PlyCount "81"]
[EventDate "2013.07.23"]
[EventType "swiss"]
[EventRounds "11"]
[EventCountry "SER"]
[Source "lmi"]
[SourceDate "2013.07.22"]

1. e4 c5 2. Nf3 Nc6 3. Nc3 Nf6 4. d4 cxd4 5. Nxd4 e5 6. Ndb5 d6 7. Bg5 a6 8.
Na3 b5 9. Bxf6 gxf6 10. Nd5 f5 11. Bd3 Be6 12. O-O Bxd5 13. exd5 Ne7 14. Re1
Bg7 15. c3 O-O 16. Nc2 Qc8 17. a4 Qc5 18. axb5 axb5 19. Rxa8 Rxa8 20. Nb4 Nxd5
21. Nxd5 Qxd5 22. Bxf5 Qxd1 23. Rxd1 d5 24. Bd7 d4 25. Bxb5 Rb8 26. Bd3 Rxb2
27. cxd4 exd4 28. g3 Bh6 29. Be4 Rd2 30. Rxd2 Bxd2 31. Kf1 Kg7 32. Ke2 Ba5 33.
Kd3 Be1 34. Ke2 Ba5 35. Kd3 Be1 36. Ke2 Ba5 37. Kd3 Be1 38. Ke2 Ba5 39. Kd3 Be1
40. Ke2 Ba5 41. Kd3 1/2-1/2

[Event "Europa ch Femenino 2013"]
[Site "Belgrado SER"]
[Date "2013.07.26"]
[Round "4.3"]
[White "Lagno, Kateryna"]
[Black "Batsiashvili, Nino"]
[Result "1-0"]
[WhiteElo "2542"]
[BlackElo "2405"]
[PlyCount "71"]
[EventDate "2013.07.23"]
[EventType "swiss"]
[EventRounds "11"]
[EventCountry "SER"]
[Source "lmi"]
[SourceDate "2013.07.22"]

1. e4 d5 2. exd5 Qxd5 3. Nc3 Qa5 4. d4 Nf6 5. Nf3 c6 6. Bc4 Bf5 7. Bd2 e6 8.
Nd5 Qd8 9. Nxf6+ gxf6 10. O-O Nd7 11. Nh4 Bg6 12. Bf4 Nb6 13. Bb3 Bg7 14. c3 a5
15. a3 a4 16. Ba2 O-O 17. Re1 Nd5 18. Bd2 b5 19. Qg4 Qd6 20. Rad1 Rad8 21. Bc1
Rfe8 22. Nxg6 hxg6 23. h4 f5 24. Qf3 Qe7 25. g3 Bf6 26. Kg2 Kg7 27. h5 g5 28.
g4 fxg4 29. Qxg4 Kh6 30. Rd3 Rg8 31. Rf3 Rg7 32. Qe4 Re8 33. Rh1 e5 34. Bxd5
cxd5 35. Qf5 exd4 36. Qxf6+ 1-0

[Event "Europa ch Femenino 2013"]
[Site "Belgrado SER"]
[Date "2013.07.26"]
[Round "4.4"]
[White "Kovalevskaya, Ekaterina"]
[Black "Kosintseva, Tatiana"]
[Result "1-0"]
[WhiteElo "2407"]
[BlackElo "2528"]
[PlyCount "79"]
[EventDate "2013.07.23"]
[EventType "swiss"]
[EventRounds "11"]
[EventCountry "SER"]
[Source "lmi"]
[SourceDate "2013.07.22"]

1. c4 Nf6 2. Nf3 e6 3. g3 d5 4. Bg2 Be7 5. O-O O-O 6. b3 c5 7. Bb2 d4 8. e3 Nc6
9. exd4 cxd4 10. Re1 Ne8 11. d3 f6 12. Ba3 e5 13. Bxe7 Qxe7 14. a3 a5 15. Nbd2
Nc7 16. Qe2 Bd7 17. h3 Rae8 18. Nh2 Ne6 19. Qf1 Nc5 20. Rab1 Bf5 21. Bd5+ Kh8
22. Ne4 Nxe4 23. dxe4 Bg6 24. Ra1 f5 25. Qd3 Qf6 26. Ra2 Ne7 27. Bxb7 f4 28. g4
Rb8 29. Bd5 Nxd5 30. cxd5 f3 31. Rc2 Be8 32. a4 h5 33. Kh1 hxg4 34. Rg1 gxh3
35. Rg3 Bd7 36. Rxf3 Qg6 37. Rg3 Qh5 38. Rc7 Rf7 39. Rxd7 Rxd7 40. Rxh3 1-0

[Event "Europa ch Femenino 2013"]
[Site "Belgrado SER"]
[Date "2013.07.26"]
[Round "4.5"]
[White "Bulmaga, Irina"]
[Black "Cmilyte, Viktorija"]
[Result "0-1"]
[WhiteElo "2403"]
[BlackElo "2497"]
[PlyCount "54"]
[EventDate "2013.07.23"]
[EventType "swiss"]
[EventRounds "11"]
[EventCountry "SER"]
[Source "lmi"]
[SourceDate "2013.07.22"]

1. e4 c5 2. Nf3 d6 3. d4 cxd4 4. Nxd4 Nf6 5. Nc3 a6 6. Be3 e5 7. Nb3 Be6 8. f3
Be7 9. Qd2 O-O 10. O-O-O a5 11. Qe1 Qc8 12. a4 Nc6 13. g4 Nb4 14. g5 Ne8 15. h4
b5 16. Bxb5 Nc7 17. Bb6 Nxb5 18. axb5 a4 19. Na5 Bd8 20. Bxd8 Rxd8 21. Rh2 a3
22. bxa3 Qxc3 23. axb4 Qa3+ 24. Kb1 Ba2+ 25. Ka1 Bc4+ 26. Kb1 Rdb8 27. c3 Rxa5
0-1

[Event "Europa ch Femenino 2013"]
[Site "Belgrado SER"]
[Date "2013.07.26"]
[Round "4.6"]
[White "Vojinovic, Jovana"]
[Black "Pogonina, Natalija"]
[Result "1/2-1/2"]
[WhiteElo "2376"]
[BlackElo "2478"]
[PlyCount "119"]
[EventDate "2013.07.23"]
[EventType "swiss"]
[EventRounds "11"]
[EventCountry "SER"]
[Source "lmi"]
[SourceDate "2013.07.22"]

1. d4 Nf6 2. c4 e6 3. Nc3 Bb4 4. Qc2 O-O 5. a3 Bxc3+ 6. Qxc3 Qe8 7. g3 d6 8.
Bg2 e5 9. dxe5 dxe5 10. Nf3 Nc6 11. b4 Bg4 12. O-O Rd8 13. Be3 Bxf3 14. Bxf3
Nd4 15. Rfe1 b6 16. Bg2 Qd7 17. Bg5 Qf5 18. Bxf6 Qxf6 19. e3 Nf3+ 20. Bxf3 Qxf3
21. Qxe5 Rd2 22. Rf1 c6 23. Qf4 Qxf4 24. gxf4 Rfd8 25. Rfc1 Kf8 26. c5 b5 27.
a4 a6 28. axb5 axb5 29. Ra6 Rb2 30. Rxc6 Rdd2 31. Rc8+ Ke7 32. Rf1 Rxb4 33. c6
Rbb2 34. c7 Rbc2 35. Rb8 Rxc7 36. Rxb5 Rcc2 37. Kg2 g6 38. Kf3 Kf6 39. Rb6+ Kg7
40. Rb5 Kf6 41. Rb6+ Kg7 42. Kg3 Ra2 43. Rb3 Re2 44. Rc3 Rab2 45. Ra3 Rbc2 46.
Kf3 Red2 47. Ra5 Kf6 48. Rg5 h6 49. Rg2 Rc5 50. Ra1 Rb2 51. Rgg1 Rcc2 52. Rgf1
Rd2 53. Ra5 Rbc2 54. h4 h5 55. Rg5 Ra2 56. f5 Ra5 57. fxg6 Rxg5 58. hxg5+ Kxg6
59. Rg1 Rd5 60. Ke4 1/2-1/2

[Event "Europa ch Femenino 2013"]
[Site "Belgrado SER"]
[Date "2013.07.26"]
[Round "4.2"]
[White "Kovanova, Baira"]
[Black "Hoang, Thanh Trang"]
[Result "1/2-1/2"]
[WhiteElo "2371"]
[BlackElo "2467"]
[PlyCount "81"]
[EventDate "2013.07.23"]
[EventType "swiss"]
[EventRounds "11"]
[EventCountry "SER"]
[Source "lmi"]
[SourceDate "2013.07.22"]

1. e4 e6 2. d4 d5 3. exd5 exd5 4. Nf3 Bd6 5. c4 dxc4 6. Bxc4 Nf6 7. O-O O-O 8.
Bg5 h6 9. Bh4 Nc6 10. Nc3 Bg4 11. Re1 Bxf3 12. Qxf3 Nxd4 13. Qd3 c5 14. Rad1 a6
15. a4 Rc8 16. b4 b6 17. Nd5 g5 18. Nxb6 Rc6 19. Bg3 Bxg3 20. bxc5 Bc7 21. Qxd4
Qxd4 22. Rxd4 Rxc5 23. Nd5 Nxd5 24. Bxd5 Rd8 25. Red1 Kg7 26. g3 Rc2 27. R1d2
Rxd2 28. Rxd2 Kf6 29. Rd3 Ke5 30. Bc4 Rxd3 31. Bxd3 a5 32. Kg2 f5 33. Bb5 Bb6
34. f3 Be3 35. Bd7 f4 36. g4 Kd4 37. h3 Kc3 38. Bb5 Kd2 39. Bc6 Ke1 40. Bb5 Bf2
41. Bc6 1/2-1/2